000 01136nam a2200205Ia 4500
008 220216s9999 xx 000 0 und d
100 _aKalil Filho A N
245 0 _aAssociation between isoenzymatic phenotypes and resistance to the fungus Microcyclus ulei P. Henn. (v.Arx.) in rubber tree clones
260 _bBrazilian Journal of Genetics
_c1995
300 _a511-516
500 _aSource Year: 1996
520 _aElectrophoretic analysis of 78 clones from various species and interspecific hybrids of Hevea was carried out in starch gel to detect associations between isoenzyme phenotypes of 7 enzyme systems and resistance to the leaf blight caused by M.ulei. Associations between resistance and particular phenotypes (phosphoglucose isomerase [glucose-6-phosphate isomerase] Pgi 4-3, phosphogluconate dehydrogenase 6Pgd 2-1 and malate dehydrogenase Mdh1 4-2) indicated that selection for resistance on the basis of these markers would be possible.
650 _aIsoenzymatic resistance
650 _aMicrocyclus ulei
700 _aDel
700 _aLama M A
700 _aMestriner M A
856 _uPBA
942 _cJS
999 _c54566
_d54566